Fresh from the garden : (Record no. 1840)

MARC details
000 -LEADER
fixed length control field 01776cam a22004577a 4500
001 - CONTROL NUMBER
control field data
005 - DATE AND TIME OF LATEST TRANSACTION
control field 20260322212120.0
008 - FIXED-LENGTH DATA ELEMENTS--GENERAL INFORMATION
fixed length control field data
035 ## - SYSTEM CONTROL NUMBER
System control number 16466480
010 ## - LIBRARY OF CONGRESS CONTROL NUMBER
LC control number 2010937480
020 ## - INTERNATIONAL STANDARD BOOK NUMBER
International Standard Book Number 9780789322302
Qualifying information hdbk.
020 ## - INTERNATIONAL STANDARD BOOK NUMBER
International Standard Book Number 0789322307
Qualifying information hdbk.
035 ## - SYSTEM CONTROL NUMBER
System control number (OCoLC)642842908
040 ## - CATALOGING SOURCE
Original cataloging agency BTCTA
Language of cataloging eng
Transcribing agency BTCTA
Modifying agency DLC
-- BKX
-- SLR
-- DLC
042 ## - AUTHENTICATION CODE
Authentication code lccopycat
050 00 - LIBRARY OF CONGRESS CALL NUMBER
Classification number TX801
Item number .R377 2011
082 04 - DEWEY DECIMAL CLASSIFICATION NUMBER
Classification number 641.5/68
Edition information 22
100 1# - MAIN ENTRY--PERSONAL NAME
Personal name Raven, Sarah.
240 10 - UNIFORM TITLE
Uniform title Food for friends & family
245 10 - TITLE STATEMENT
Title Fresh from the garden :
Remainder of title food to share with family and friends /
Statement of responsibility, etc. Sarah Raven ; photography by Jonathan Buckley.
260 ## - PUBLICATION, DISTRIBUTION, ETC.
Place of publication, distribution, etc. New York :
Name of publisher, distributor, etc. Universe,
Date of publication, distribution, etc. 2011, c2010.
300 ## - PHYSICAL DESCRIPTION
Extent 464 p. :
Other physical details col. ill. ;
Dimensions 27 cm.
336 ## - CONTENT TYPE
Content type term text
Content type code txt
Source rdacontent
337 ## - MEDIA TYPE
Media type term unmediated
Media type code n
Source rdamedia
338 ## - CARRIER TYPE
Carrier type term volume
Carrier type code nc
Source rdacarrier
500 ## - GENERAL NOTE
General note Originally published as Food for friends & family.
500 ## - GENERAL NOTE
General note Includes index.
520 ## - SUMMARY, ETC.
Summary, etc. Presents more than four hundred recipes that center around the vegetables and fruits that are available in each season, covering such categories as soups, salads, meat, fish, vegetable sides, and desserts.--
Assigning source Source other that Library of Congress.
650 #0 - SUBJECT ADDED ENTRY--TOPICAL TERM
Topical term or geographic name entry element Cooking (Vegetables)
650 #0 - SUBJECT ADDED ENTRY--TOPICAL TERM
Topical term or geographic name entry element Cooking (Fruit)
650 #0 - SUBJECT ADDED ENTRY--TOPICAL TERM
Topical term or geographic name entry element Holiday cooking.
650 #0 - SUBJECT ADDED ENTRY--TOPICAL TERM
Topical term or geographic name entry element Cooking, English.
650 #7 - SUBJECT ADDED ENTRY--TOPICAL TERM
Topical term or geographic name entry element Cooking
General subdivision Vegetables.
Source of heading or term sears
650 #7 - SUBJECT ADDED ENTRY--TOPICAL TERM
Topical term or geographic name entry element Cooking
General subdivision Fruit.
Source of heading or term sears
700 1# - ADDED ENTRY--PERSONAL NAME
Personal name Buckley, Jonathan.
906 ## - LOCAL DATA ELEMENT F, LDF (RLIN)
a 7
b ibc
c copycat
d 2
e ncip
f 20
g y-gencatlg
925 0# -
-- acquire
-- 1 shelf copy
-- policy default
925 1# -
-- acquire
-- 2 shelf copies
-- policy default
Holdings
Withdrawn status Lost status Damaged status Not for loan Home library Current library Shelving location Date acquired Total checkouts Full call number Barcode Date last seen Price effective from Koha item type
        Centerville Centerville General stacks 22/03/2026   641.5/68 LOC-CPL-00008 22/03/2026 22/03/2026 Books